MDQL
is popping MORE tags! Check the
thread
!
Quizzes
Events
Quiz Creation
Community
Videos
Private Events
Remove Ads
Sign In
Join for FREE
Feedback
Dark Mode
Quiz Categories
Sports
Geography
Music
Movies
Television
Just For Fun
Miscellaneous
History
Literature
Language
Science
Gaming
Entertainment
Religion
Holiday
For Kids
Quiz Lab
Recent
Popular Today
Quiz Kudos Today
Editor Picks
Curator Picks
Quizzes by...
Day
Popularity
Type
Ratings
Length
Year
Community
Subscriptions
Recent Discussions
Orange Saloon
Badges
Playlists
Quests
Create
Leaderboards
Showdown
Live 5
Trivia Bingo
Activity
Puzzle Library
Sporcle Events
Private Events
Virtual Trivia
Globe League
Become a Host
Pub Owners
SporcleCon
Opinionation
Our Games
Videos
Blog
Mobile Apps
Partnerships
Remove Ads and Go Orange
Feedback
Science
Computer
Plants
Astronomy
Chemistry
Elements
Math
Animal
Physics
Anatomy
Biology
Geology
General Science
Science
Computer
Plants
Astronomy
Chemistry
Elements
Math
Animal
Physics
Anatomy
Biology
Geology
General Science
Random Quiz
Search Sporcle
×
Quiz Lab
Quiz Lab
Science
Type in answers that appear in a list
Type in answers that appear in a list
Classic
Best Score? Go Orange.
Classification of shapes Stats
Can you name the levels of classification of these shapes?
By
Oren
5m
41 Questions
100 Plays
100 Plays
100 Plays
Comments
Comments
Give Quiz Kudos
Give Quiz Kudos
-
- Ratings
hide this ad
More Info
Replay
Link that replays current quiz
Next Quiz
Link to next quiz in quiz playlist
You Got
0%
They Got
Avg Score
32%
Avg Friend Score
Upgrade to see
Score Distribution
Jump to the score distribution portion of the page
Score
0/41
Timer
05:00
0
Plays Today
% Correct
triangle
83%
rectangle
71%
circle
69%
rhombus
55%
trapezoid
48%
pentagon
48%
quadrilateral
46%
quadrilateral
46%
quadrilateral
46%
quadrilateral
46%
quadrilateral
46%
parallelogram
41%
dodecagon
41%
parallelogram
41%
hyperbola
36%
kite
36%
polygon
33%
polygon
33%
polygon
33%
polygon
33%
polygon
33%
% Correct
polygon
33%
polygon
33%
polygon
33%
equilateral triangle
31%
ellipse
19%
acute triangle
15%
isosceles triangle
15%
golden rectangle
14%
equilateral dodecagon/equiangular dodecagon
14%
regular dodecagon
14%
conic section
14%
conic section
14%
convex quadrilateral
14%
convex quadrilateral
14%
convex quadrilateral
14%
convex dodecagon
14%
convex pentagon
14%
convex quadrilateral
14%
concave quadrilateral
14%
right hyperbola
14%
Quiz Playlist
Details
Report
Send in Message
Add To Playlist
More Info:
Put in the names of each shape, from the least to most specific.
Classic:
Type in answers that appear in a list
Last Updated: Feb 16, 2017
Quiz Scoreboard
CHALLENGE
Sign Up to Join the Scoreboard
Show All
Scores
Hide
Comments
May contain spoilers
Recently Published
Find the 'City' Movie
by crazypaving
Movies
60s
5x2 Blitz: Bands
by SL_Kpop136
Music
30s
Colored Red Africa Blitz
by spor1
Geography
30s
More to Explore
Quiz From the Vault
Featured Blog Post
14 Easter Pick-up Lines to Find Eggs With
hide this ad
You Might Also Like...
Tags
This quiz does not have any tags.
Today's Top Quizzes in Science
Browse Science
hide this ad
Top Contributed Quizzes in Science
1
Glycolysis
2
Square Numbers Scrambled (1-50)
3
Astronomy Spelling Bee
4
Vet Tech Pharmacology Drug Contraindications
5
Missing Vowel Minefield: Lanthanides
6
Sorting Squares: Animals by Continent
7
'C' Flowers II
8
Criteria Quiz: The Solar System
9
Quick Pick: Radians
10
Elements In Images
Explore More
Trending Topics
Marvel
Disney
Anime
Harry Potter
Crossword
Kpop
NBA
NFL
The Office
WWE
Country
Puzzle
Soccer
Pokémon
Song
hide this ad
More By:
Oren
Quiz
Plays
Rating
Category
Featured
Created
'Far Over The Misty Mountains Cold' Lyrics
26,206
4.65
Literature
Jun 13, 2011
LOTR numbers
5,812
4.15
Literature
Feb 25, 2010
Mtg Simplest First Turn Win
846
2.11
Gaming
Jul 4, 2011
The Hobbit A-Z
816
4.00
Literature
Jun 23, 2011
LOTR Tom Bombadil help song
427
4.67
Literature
May 7, 2010
Go to Creator's Profile
Score Distribution
Quiz Creator Spotlight
Oren
Follow
Send a Message
Quizzes Created
-
Created Quiz Play Count
-
More By This Creator
Popular Quizzes Today
1
Colored Red Africa Blitz
2
Find the US States - No Outlines Minefield
3
Find the 'City' Movie
4
5x2 Blitz: Bands
5
The Countries of the World
6
Find the US States
7
US States
8
9x9 Crossword: Cartoon Network
More Science Quizzes
Simple Math Challenge
Published
Trending Quizzes
Colored Red Europe Blitz I
Colored Red Europe Blitz II
Colored Red Africa Blitz II
Colored Red Africa Blitz III
Colored Red Europe Blitz III
Recently Updated
Godzilla Movies
pecheneg
Grab Bag: 4-10 Letters
pecheneg
2024 March Madness Bracket
pecheneg
Famous TV Couples
Peacemaker
Champions League XIs: Real Madrid
pecheneg
Largest US Cities 1790-2010
pecheneg
Rides in Walt Disney World
pecheneg
Most Oscar Losses (Acting)
pecheneg
Beyoncé Albums
pecheneg
Leaping Animals
pecheneg
Trending Topics
Marvel
Kpop
Harry Potter
NBA
Crossword
Anime
Disney
Pokémon
The Office
NFL
Song
WWE
Soccer
Puzzle
Country
Your Account Isn't Verified!
In order to create a playlist on Sporcle, you need to verify the email address you used during registration. Go to your
Sporcle Settings
to finish the process.
Report this User
Report this user for behavior that violates our
Community Guidelines
.
Details:
Send Report
Go to the Sporcle.com Mobile Site →
Comments